| 000 | 00432nam a2200157 4500 | ||
|---|---|---|---|
| 001 | 109599 | ||
| 003 | ES-MaACL | ||
| 005 | 20230906184855.0 | ||
| 007 | t| | ||
| 008 | 061121s1962 sp r ||||1| cat d | ||
| 100 | 1 |
_aOller i Rabassa, Joan. _986916 |
|
| 245 | 1 | 3 |
_aLa maltempsada _b: novela / _cJoan Oller i Rabassa. |
| 260 |
_aBarcelona : _bDalmau, _c1962. |
||
| 300 |
_a317 p. ; _c21 cm. |
||
| 852 |
_aES-MaACL _jC-22065 _bR.50657 |
||
| 999 |
_c109599 _d109599 |
||